<?xml version="1.0" encoding="UTF-8"?>
<record
    xmlns:xsi="http://www.w3.org/2001/XMLSchema-instance"
    xsi:schemaLocation="http://www.loc.gov/MARC21/slim http://www.loc.gov/standards/marcxml/schema/MARC21slim.xsd"
    xmlns="http://www.loc.gov/MARC21/slim">

  <leader>00596nam a2200193 a 4500</leader>
  <controlfield tag="001">3153</controlfield>
  <controlfield tag="005">20140414131850.0</controlfield>
  <controlfield tag="008">060202s19uu    xx            00    eng d</controlfield>
  <datafield tag="020" ind1=" " ind2=" ">
    <subfield code="a">0-439-31707-x</subfield>
  </datafield>
  <datafield tag="050" ind1=" " ind2=" ">
    <subfield code="a">M 612.75</subfield>
    <subfield code="b">H19 2002</subfield>
  </datafield>
  <datafield tag="100" ind1=" " ind2=" ">
    <subfield code="a">Hansen, Rosanna</subfield>
  </datafield>
  <datafield tag="245" ind1=" " ind2=" ">
    <subfield code="a">Bones :</subfield>
    <subfield code="b">all kinds of hands, all kinds of feet /</subfield>
    <subfield code="c">by Rosanna Hansen ; illustrated by Joel Snyder.</subfield>
  </datafield>
  <datafield tag="260" ind1=" " ind2=" ">
    <subfield code="a">New York :</subfield>
    <subfield code="b">Scholastic,</subfield>
    <subfield code="c">2002.</subfield>
  </datafield>
  <datafield tag="300" ind1=" " ind2=" ">
    <subfield code="a">1 v. p. : ill. ; cm.</subfield>
  </datafield>
  <datafield tag="440" ind1=" " ind2=" ">
    <subfield code="a">Hello reader-Science, Grade 1 &amp; 2</subfield>
  </datafield>
  <datafield tag="650" ind1=" " ind2=" ">
    <subfield code="a">Bones, joints, connective tissues.</subfield>
  </datafield>
  <datafield tag="999" ind1=" " ind2=" ">
    <subfield code="c">110135</subfield>
    <subfield code="d">110135</subfield>
  </datafield>
  <datafield tag="952" ind1=" " ind2=" ">
    <subfield code="0">0</subfield>
    <subfield code="1">0</subfield>
    <subfield code="4">0</subfield>
    <subfield code="5">0</subfield>
    <subfield code="a">MU</subfield>
    <subfield code="b">MU</subfield>
    <subfield code="c">M</subfield>
    <subfield code="d">2006-02-02</subfield>
    <subfield code="e">BookDrive</subfield>
    <subfield code="g">125.00</subfield>
    <subfield code="l">0</subfield>
    <subfield code="o">M 612.75 H19 2002</subfield>
    <subfield code="p">M0434</subfield>
    <subfield code="r">2014-04-14 00:00:00</subfield>
    <subfield code="w">2014-04-14</subfield>
    <subfield code="y">BK</subfield>
  </datafield>
  <datafield tag="952" ind1=" " ind2=" ">
    <subfield code="0">0</subfield>
    <subfield code="1">0</subfield>
    <subfield code="4">0</subfield>
    <subfield code="5">0</subfield>
    <subfield code="a">MU</subfield>
    <subfield code="b">MU</subfield>
    <subfield code="c">M</subfield>
    <subfield code="d">2010-08-02</subfield>
    <subfield code="e">BookDrive</subfield>
    <subfield code="g">125.00</subfield>
    <subfield code="l">0</subfield>
    <subfield code="o">M 612.75 H19 2002</subfield>
    <subfield code="p">M0556</subfield>
    <subfield code="r">2014-04-14 00:00:00</subfield>
    <subfield code="w">2014-04-14</subfield>
    <subfield code="y">BK</subfield>
  </datafield>
</record>
